=LDR 00000nam 2200000 4500 =001 INLIS000000000006385 =005 20220610021502 =035 ##$$a 0010-0622000246 =245 1#$$a Touch Panel Technologies Evolve /$c TETSUO HIRAYAMA =100 1#$$a HIRAYAMA, Tetsuo =250 ##$$a Edisi Vol. 19, Serial No. 214 July 2014 =300 ##$$a 56 halaman : $b Tabel, Gambar ; $c 21x28 cm =260 ##$:$b Dempa Asia Electronics Industry,$c 2014 =082 ##$$a 050.37 =084 ##$$a 050.37 HIR t =500 ##$$a Special Report : Anti-Noise Solutions Toughen Up Noise Control Takes on In-Car LANs =990 ##$$a 11/MJ-16